000 00973nam a2200229Ii 4500
003 JO-AjNU
008 230605s9999||||xx |||||||||||||| ||und||
017 _a2018/7/3251
020 _a978- 9957- 642- 91- 4
040 _aJO-AjNU
_bara
_erda
_cJO-AjNU
041 _aara
050 1 4 _aK3304 2020
100 3 _aالخصيلات، عبدالله أحمد,
_eauthor
_959156
245 0 0 _aأحكام الجرائم الانتخابية: دراسة مقارنة
250 _aط1
264 3 1 _aعمان: الدار العلمية الدولية للنشر والتوزيع؛ دار الثقافة للنشر والتوزيع، 2019
300 _a216ص
_bيحتوي على مصادر ومراجع من ص209- 216 يحتوي على مجموعة من الرسائل الجامعية
336 _atext
_btxt
_2rdacontent
337 _aunmediated
_bn
_2rdamedia
338 _avolume
_bnc
_2rdacarrier
650 4 _aالجرائم- الانتخابات- القانون
_959157
999 _aA26606
_c30174
_d30174